| 000 | 00672nam a22001937a 4500 | ||
|---|---|---|---|
| 003 | DO-SdBNP | ||
| 005 | 20171201100835.0 | ||
| 008 | 171117b 1989 pa ||||| |||| 00| 0 spa d | ||
| 020 | _a0944499309 | ||
| 040 |
_aBPMSU _bspa _cBPMSU |
||
| 092 |
_axxxx _bxxxx |
||
| 245 | 1 | 0 |
_aCómo resolver los problemas de aprendizaje y estudio de sus hijos / _cdirección general, María Eloísa Alvarez del Real. |
| 260 |
_aPanamá, República de Panamá ; _b Editorial América, _c[1989?] |
||
| 300 |
_a256 p. : _bil. ; _c20 cm. |
||
| 700 | 1 | 2 |
_aÁlvarez del Real, María Eloísa, _edir. |
| 942 |
_2ddc _cBK |
||
| 945 | _aInventariado 2017/ LP | ||
| 956 |
_aLOPEREZ _b10 _c20171117 |
||
| 999 |
_c12936 _d12936 |
||